Länder mit den höchsten Tourismusausgaben - Statistiken

Allgemein
  • Dieses Quiz wurde 96 mal gespielt
  • Das Durchschnittsergebnis liegt bei 17 aus 20
Antwortstatistiken
Platz Land Ausgaben in Mrd. US$ % Korrekt
1. China 261,1
100%
3. Deutschland 87,4
100%
5. Frankreich 49
100%
10. Japan 25,8
99%
2. Vereinigte Staaten 160,8
99%
6. Australien 29,8
98%
7. Kanada 29,1
98%
11. Italien 25
96%
4. Vereinigtes Königreich 79,4
95%
17. Spanien 19,3
93%
9. Russland 27,7
92%
7. Südkorea 29,1
90%
18. Indien 19,2
89%
15. Niederlande 20,3
81%
19. Schweiz 18,9
79%
14. Belgien 21,6
73%
20. Vereinigte Arabische Emirate 17,1
73%
16. Saudi-Arabien 19,7
70%
13. Singapur 22,1
54%
12. Hongkong 24,2
19%
Keine übereinstimmenden Quizze gefunden
Verteilung der Resultate
Anzahl Personen mit jedem Resultat
Perzentil nach korrekt beantworteten Fragen
Ihre Resultats-Entwicklung
Sie haben dieses Quiz noch nicht gespielt